00888 a2200205 45000010006000000050017000060080041000230030015000640400040000790800162001192450025002810200018003062640032003243000024003565050158003800410008005381000023005467000019005698560094005883782520260407155645.0260407a1986 arg spa dAR-UNSa-BCEJYS aAR-UNSa-BCEJYSbspacAR-UNSa-BCEJYS a51-7xEstudios y métodos matemáticos en otros campos del conocimiento. Matemáticas científicas. Matemáticas actuariales (Matemáticas Financieras)10aCálculo financiero a950-9109-33-9 1aBuenos Aires :bTesisc1986 axii, 536 p.c22 cm. a1. Operaciones financieras - 2. Operaciones financieras simples - 3. Operaciones complejas - 4. Constitución de capitales - 5. Reembolso de préstamos aspa1 aTrossero, Angel A.1 aMurioni, Oscar41uhttps://biblioeco.unsa.edu.ar/pmb/images/libros/L39959.jpgyImagen de portadaqimage/jpeg